Teams Gullit has played for - Statistics

General Stats
  • This quiz has been taken 28 times
  • The average score is 3 of 6
Answer Stats
Answer % Correct
Milan
85%
PSV
77%
Chelsea
54%
Feyenoord
46%
Sampdoria
27%
HFC Haarlem
4%
No matching quizzes found
Score Distribution
Percent of People with Each Score
Percentile by Number Answered
Your Score History
You have not taken this quiz